000
00278nam a22001337a 4500
008
170627b xxu||||| |||| 00| 0 eng d
020
_a
013537572-X
041
_a
eng
080
_a
82
100
_a
21
101
_a
GJL
245
_a
LITERATURE
_c
ROBERTS,E.V
942
_2
udc
_c
BK
999
_c
19180
_d
19180